The American way : (Record no. 122417)

MARC details
000 -LEADER
campo de control de longitud fija 02804cam a2200625 i 4500
001 - NÚMERO DE CONTROL
campo de control 22545193
003 - IDENTIFICADOR DE NÚMERO DE CONTROL
campo de control BJBSDDR
005 - FECHA Y HORA DE LA ÚLTIMA TRANSACCIÓN
campo de control 20241125102720.0
007 - CAMPO FIJO DE DESCRIPCIÓN FÍSICA--INFORMACIÓN GENERAL
campo de control de longitud fija ta
008 - DATOS DE LONGITUD FIJA--INFORMACIÓN GENERAL
campo de control de longitud fija 220513s2023 nyua b 000 0ceng
010 ## - NÚMERO DE CONTROL DE LA BIBLIOTECA DEL CONGRESO
Número de control de LC 2022014118
020 ## - NÚMERO INTERNACIONAL ESTÁNDAR DEL LIBRO
Número Internacional Estándar del Libro 9781982171667 (hardcover)
020 ## - NÚMERO INTERNACIONAL ESTÁNDAR DEL LIBRO
Número Internacional Estándar del Libro 1982171669 (hardcover)
020 ## - NÚMERO INTERNACIONAL ESTÁNDAR DEL LIBRO
ISBN cancelado o inválido 9781982171681 (ebook)
040 ## - FUENTE DE CATALOGACIÓN
Centro catalogador/agencia de origen DLC
Lengua de catalogación eng
Normas de descripción rda
Centro/agencia transcriptor DLC
Centro/agencia modificador DLC
041 ## - CÓDIGO DE IDIOMA
Código de lengua del texto/banda sonora o título independiente eng
042 ## - CÓDIGO DE AUTENTICACIÓN
Código de autenticación pcc
043 ## - CÓDIGO DE ÁREA GEOGRÁFICA
Código de área geográfica n-us---
050 14 - SIGNATURA TOPOGRÁFICA DE LA BIBLIOTECA DEL CONGRESO
Número de clasificación PN 6725
Número de ítem S793a 2023
082 00 - NÚMERO DE LA CLASIFICACIÓN DECIMAL DEWEY
Número de clasificación 741.5/973
100 1# - ENTRADA PRINCIPAL--NOMBRE DE PERSONA
Nombre de persona Stapinski, Helene,
Fechas asociadas al nombre 1965-
9 (RLIN) 39440
245 14 - MENCIÓN DEL TÍTULO
Título The American way :
Resto del título a true story of Nazi escape, Superman and Marilyn Monroe /
Mención de responsabilidad, etc. Helene Stapinski and Bonnie Siegler.
250 ## - MENCION DE EDICION
Mención de edición First Simon & Schuster hardcover edition.
264 #1 - PRODUCCIÓN, PUBLICACIÓN, DISTRIBUCIÓN, FABRICACIÓN Y COPYRIGHT
Producción, publicación, distribución, fabricación y copyright New York :
Nombre del de productor, editor, distribuidor, fabricante Simon & Schuster,
Fecha de producción, publicación, distribución, fabricación o copyright 2023.
300 ## - DESCRIPCIÓN FÍSICA
Extensión 366 pages :
Otras características físicas illustrations ;
Dimensiones 24 cm.
336 ## - TIPO DE CONTENIDO
Término de tipo de contenido text
Código de tipo de contenido txt
Fuente rdacontent
337 ## - TIPO DE MEDIO
Nombre/término del tipo de medio unmediated
Código del tipo de medio n
Fuente rdamedia
338 ## - TIPO DE SOPORTE
Nombre/término del tipo de soporte volume
Código del tipo de soporte nc
Fuente rdacarrier
504 ## - NOTA DE BIBLIOGRAFÍA, ETC.
Nota de bibliografía, etc. Includes bibliographical references.
505 0# - NOTA DE CONTENIDO CON FORMATO
Nota de contenido con formato Harry Donenfeld<br/>Jules Schulback<br/>Superman<br/>Marilyn Monroe
520 ## - RESUMEN, ETC.
Sumario, etc. "An exuberant true-life adventure following two very different men - a loveable huckster turned publisher of DC Comics and the man he helped escape from 1930s Berlin - as they cross paths with icons of midcentury pop culture in pursuit of the American dream"--
Fuente proveedora Provided by publisher.
600 10 - PUNTO DE ACCESO ADICIONAL DE MATERIA--NOMBRE DE PERSONA
Nombre de persona Donenfeld, Harry
Títulos y otros términos asociados al nombre (Comic book publisher)
600 14 - PUNTO DE ACCESO ADICIONAL DE MATERIA--NOMBRE DE PERSONA
Nombre de persona Donenfeld, Harry
Títulos y otros términos asociados al nombre (Editor de cómics)
9 (RLIN) 39565
600 14 - PUNTO DE ACCESO ADICIONAL DE MATERIA--NOMBRE DE PERSONA
Nombre de persona Schulback, Jules
9 (RLIN) 39566
600 00 - PUNTO DE ACCESO ADICIONAL DE MATERIA--NOMBRE DE PERSONA
Nombre de persona Superman
Títulos y otros términos asociados al nombre (Fictitious character)
600 04 - PUNTO DE ACCESO ADICIONAL DE MATERIA--NOMBRE DE PERSONA
Nombre de persona Superman
Títulos y otros términos asociados al nombre (Personaje ficticio)
9 (RLIN) 39567
600 14 - PUNTO DE ACCESO ADICIONAL DE MATERIA--NOMBRE DE PERSONA
Nombre de persona Monroe, Marilyn,
Fechas asociadas al nombre 1926-1962
9 (RLIN) 27638
610 20 - PUNTO DE ACCESO ADICIONAL DE MATERIA--NOMBRE DE ENTIDAD CORPORATIVA
Nombre de entidad corporativa o nombre de jurisdicción como elemento de entrada DC Comics, Inc
Subdivisión general History.
610 24 - PUNTO DE ACCESO ADICIONAL DE MATERIA--NOMBRE DE ENTIDAD CORPORATIVA
Nombre de entidad corporativa o nombre de jurisdicción como elemento de entrada DC Comics
Subdivisión general Historia
9 (RLIN) 39568
650 #4 - PUNTO DE ACCESO ADICIONAL DE MATERIA--TÉRMINO DE MATERIA
Término de materia o nombre geográfico como elemento de entrada Tiras cómicas, historietas, etc.
Subdivisión general Publicación
Subdivisión geográfica Estados Unidos
Subdivisión general Historia
Subdivisión cronológica Siglo XX
9 (RLIN) 28480
650 #0 - PUNTO DE ACCESO ADICIONAL DE MATERIA--TÉRMINO DE MATERIA
Término de materia o nombre geográfico como elemento de entrada Immigrants
Subdivisión geográfica United States
Subdivisión de forma Biography.
650 #4 - PUNTO DE ACCESO ADICIONAL DE MATERIA--TÉRMINO DE MATERIA
Término de materia o nombre geográfico como elemento de entrada Inmigrantes
Subdivisión geográfica Estados Unidos
9 (RLIN) 167
650 #0 - PUNTO DE ACCESO ADICIONAL DE MATERIA--TÉRMINO DE MATERIA
Término de materia o nombre geográfico como elemento de entrada German Americans
Subdivisión de forma Biography.
650 #0 - PUNTO DE ACCESO ADICIONAL DE MATERIA--TÉRMINO DE MATERIA
Término de materia o nombre geográfico como elemento de entrada Comic books, strips, etc
Subdivisión general Publishing
Subdivisión geográfica United States
Subdivisión general History
Subdivisión cronológica 20th century.
650 #0 - PUNTO DE ACCESO ADICIONAL DE MATERIA--TÉRMINO DE MATERIA
Término de materia o nombre geográfico como elemento de entrada Publishers and publishing
Subdivisión geográfica United States
Subdivisión de forma Biography.
650 #4 - PUNTO DE ACCESO ADICIONAL DE MATERIA--TÉRMINO DE MATERIA
Término de materia o nombre geográfico como elemento de entrada Editores y publicaciones
Subdivisión geográfica Estados Unidos
Subdivisión de forma Biografía
9 (RLIN) 29839
650 #0 - PUNTO DE ACCESO ADICIONAL DE MATERIA--TÉRMINO DE MATERIA
Término de materia o nombre geográfico como elemento de entrada Jews
Subdivisión geográfica United States
Subdivisión de forma Biography.
650 #4 - PUNTO DE ACCESO ADICIONAL DE MATERIA--TÉRMINO DE MATERIA
Término de materia o nombre geográfico como elemento de entrada Judíos en Estados Unidos
Subdivisión de forma Biografías
9 (RLIN) 23137
700 1# - ENTRADA AGREGADA--NOMBRE PERSONAL
Nombre de persona Siegler, Bonnie,
Fechas asociadas al nombre 1963-
9 (RLIN) 39442
776 08 - ENTRADA DE FORMULARIO FÍSICO ADICIONAL
Información de relación Online version:
Encabezamiento principal Stapinski, Helene.
Título American way
Lugar, editor y fecha de publicación New York : Simon & Schuster, 2023
Número Internacional Estándar del Libro 9781982171681
Número de control del registro (DLC) 2022014119
906 ## - ELEMENTOS DE DATOS F LOCAL, LDF (RLIN)
a 7
b cbc
c orignew
d 1
e ecip
f 20
g y-gencatlg
942 ## - ELEMENTOS DE ENTRADA SECUNDARIOS (KOHA)
Fuente del sistema de clasificación o colocación Clasificación de Library of Congress
Tipo de ítem Koha Libro
946 ## - PROCESAMIENTO DE INFORMACIÓN LOCAL (OCLC)
Iniciales del agente catalogador dpf
Holdings
Estatus retirado Estado de pérdida Fuente del sistema de clasificación o colocación Estado de daño No para préstamo Colección Biblioteca de origen Biblioteca actual Ubicación en estantería Fecha de adquisición Signatura topográfica completa Código de barras Visto por última vez Copia número Tipo de ítem Koha
    Clasificación de Library of Congress     Humanidades Biblioteca Juan Bosch Biblioteca Juan Bosch Humanidades (4to. Piso) 11/11/2024 PN 6725 S793a 2023 00000186816 11/11/2024 1 Libro